000 01107pam a2200313 a 4500
001 2894822
003 OSt
005 20110722092504.0
008 870521s1987 mdu b 001 0 eng
010 _a 87013667
020 _a0870333682 :
_c$190.00 (set.)
040 _aDLC
_cDLC
_dDLC
043 _an-us---
050 0 0 _aKF1135
_b.P35 1987
082 0 0 _a346.086 PAR
_219
100 1 _aParks, Alex Leon,
_91649
245 1 4 _aThe law and practice of marine insurance and average /
_cby Alex L. Parks.
250 _a1st ed.
260 _aCentreville, Md. :
_bCornell Maritime Press,
_cc1987.
300 _a2 v. (cxxvii, 1516 p.) ;
_c24 cm.
504 _aIncludes bibliographical references and index.
650 0 _aMarine insurance
_zUnited States.
_91650
650 0 _aAverage (Maritime law)
_91651
650 0 _aMarine insurance.
_91652
740 0 _aMarine insurance and average.
906 _a7
_bcbc
_corignew
_d1
_eocip
_f19
_gy-gencatlg
942 _2ddc
_cBK
999 _c572
_d572